000 00550nam a2200181Ia 4500
005 20250508161620.0
008 008 250505s9999 xx 000 0 eng d
037 _aTextual
040 _aFEDL
_beng
_cFEDL
041 _aeng
_2eng
084 _a371.426, FIS
_qFEDL
100 _aFisher Berenice M
_9771059
245 0 _aIndustrial education : American ideals and institutions
260 _aLondon, UK
_bThe Univeristy of Wisconsin Press
_c1967
300 _axiii,267p.
942 _cTEXL
_h371.426, FIS
999 _c1371137
_d1371137